00457 a2200109 4500001001000000005001700010008004100027245019500068100002000263773004700283999001700330ART_5890920260410162051.0260409a 10aFiscalidad internacional del desarrollo de software y actividades vinculadas. La difícil situación del profesional / técnico argentino frente a la alta tentación de la plaza uruguaya1 aCarbone, Sergio0 tImpuestosg- N° 152 (jul. 2023)wREV45175 c35796d35796